LDR 00589naa#a2200169#i#450# 001 EN\\bibl\121903 005 20260601101550.1 011 ## _a1998-6785 100 ## _a20230321b2023####ek#y0engy0150####ca 102 ## _aRU 200 1# _aThe influence of the national factor on the complex peasant household of the Saratov Volga region at the end of the XIX century _eJournal article 210 1# _aVladivostok _cVladivostok State University _d2023 215 ## _a8 с. 608 ## _aJournal article _2local 675 ## _aВсеобщая история. 94 _z 700 #1 _aMelnikov _gPavel Yu. 856 4# _aojkum.editorum.ru _u